| 000 | 00352nam a2200109Ia 4500 | ||
|---|---|---|---|
| 008 | 171204s9999 xx 000 0 und d | ||
| 245 | _aSilent Film and U.S. Naturalist Literature: Time, Narrative, and Modernity: | ||
| 245 | _cKatherine Fusco | ||
| 260 | _c2016 | ||
| 650 | _xINTRODUCTION TO FILM | ||
| 856 | _uhttp://down.ebook777.com/037/1138183482.pdf | ||
| 999 |
_c346086 _d346086 |
||